Central Library OPAC University of Rajshahi

প্রসঙ্গ লোকসাহিত্য / (Record no. 81789)

MARC details
000 -LEADER
fixed length control field 00788nam a2200229 a 4500
001 - CONTROL NUMBER
control field 81789
003 - CONTROL NUMBER IDENTIFIER
rucl marc code BD-RjUL
005 - DATE AND TIME OF LATEST TRANSACTION
control field 20230828112026.0
008 - FIXED-LENGTH DATA ELEMENTS--GENERAL INFORMATION
fixed length control field 230828s2012 ii ||||| |||| 00| 0 ben d
020 ## - INTERNATIONAL STANDARD BOOK NUMBER
International Standard Book Number 9788192101866
035 ## - SYSTEM CONTROL NUMBER
System control number (BD-RjUL)81789
040 ## - CATALOGING SOURCE
Original cataloging agency BD-RjUL
Language of cataloging eng
Transcribing agency BD-RjUL
041 ## - LANGUAGE CODE
Language code of text/sound track or separate title ben
082 ## - DEWEY DECIMAL CLASSIFICATION NUMBER
Edition number 23
Classification number 398.2
Author mark and year CHP 2012
100 ## - MAIN ENTRY--PERSONAL NAME
Personal name চক্রবর্তী, তিমিরবরণ
9 (RLIN) 8627
245 ## - TITLE STATEMENT
Title প্রসঙ্গ লোকসাহিত্য /
Statement of responsibility, etc. তিমিরবরণ চক্রবর্তী
260 ## - PUBLICATION, DISTRIBUTION, ETC. (IMPRINT)
Place of publication, distribution, etc. কলকাতা :
Name of publisher, distributor, etc. অক্ষর প্রকাশনী,
Date of publication, distribution, etc. ২০১২
300 ## - PHYSICAL DESCRIPTION
Pagination ১৮৪ পৃ.;
Size ২২ সেমি.
650 ## - SUBJECT ADDED ENTRY--TOPICAL TERM
Topical term or geographic name as entry element লোক সাহিত্য
Topical term or geographic name as entry element Folk literature
942 ## - ADDED ENTRY ELEMENTS (KOHA)
Source of classification or shelving scheme Dewey Decimal Classification
Koha item type Books
Holdings
Lost status Source of classification or shelving scheme Damaged status Not for loan Collection code Permanent Location Current Location Shelving location Date acquired Source of acquisition Cost, normal purchase price Total Checkouts Full call number Date last seen Copy number Koha item type
  Dewey Decimal Classification   Not For Loan Non-fiction Central Library, University of Rajshahi Central Library, University of Rajshahi Reading Room 04/06/2023 Dhaka: Omni Concept 414.00   B 398.2 CHP 2012 28/08/2023 C-1 Books
  Dewey Decimal Classification     Non-fiction Central Library, University of Rajshahi Central Library, University of Rajshahi General Stacks 04/06/2023 Dhaka: Omni Concept 414.00   B 398.2 CHP 2012 28/08/2023 C-2 Books
  Dewey Decimal Classification     Non-fiction Central Library, University of Rajshahi Central Library, University of Rajshahi General Stacks 04/06/2023 Dhaka: Omni Concept 414.00   B 398.2 CHP 2012 28/08/2023 C-3 Books